| 000 | 02638cgm a2200577Ka 4500 | ||
|---|---|---|---|
| 001 | ocn463657026 | ||
| 003 | OCoLC | ||
| 005 | 20241220124145.0 | ||
| 008 | 091106s2009 xxu090 vleng d | ||
| 007 | vd cvaizu | ||
| 040 |
_aTEFMT _cTEFMT _dTEF _dTEFMT _dGK8 _dUINTA |
||
| 024 | 1 | 0 | _a013138247483 |
| 028 | 4 | 2 |
_aP2474 _bAnchor Bay Entertainment |
| 033 | 0 | 1 | _a2009---- |
| 035 | _a(OCoLC)463657026 | ||
| 037 |
_bMidwest Tape _nhttp://www.midwesttapes.com |
||
| 050 | 4 |
_aPN1997.2 _b.D64 2009 |
|
| 082 | 0 | 4 |
_a791.43/72 _222 |
| 049 | _aUCLB | ||
| 092 | _a791.437 | ||
| 245 | 0 | 4 |
_aThe dog who saved Christmas _h[videorecording] / _cBarnholtz Entertainment & Aron Entertainment ; produced by Michael Feifer ; story by Jeffrey Schenck & Michael Ciminera & Richard Gnolfo ; screenplay by Michael Ciminera & Richard Gnolfo ; directed by Michael Feifer. |
| 260 |
_a[United States] : _bAnchor Bay Entertainment, _c[2009] |
||
| 300 |
_a1 videodisc (90 min.) : _bsd., col. ; _c4 3/4 in. |
||
| 538 | _aDVD, widescreen. | ||
| 546 | _aSubtitles for the deaf and hard of hearing. | ||
| 511 | 1 | _aDean Cain, Gary Valentine, Mario Lopez. | |
| 518 | _aOriginally broadcast as a motion picture in ABC Family in 2009. | ||
| 521 | 8 | _aMPAA Rating: PG; for some mild language and rude humor. | |
| 520 | _aThe Bannister family's new addition, Zeus, a former K-9 police hero, appears to be less than the dependable guard dog the family needs. However, when two burglars set out to break into the Bannister's home while they're away for Christmas, Zeus seizes the chance to be a hero, proving every dog - even this one - has his day. | ||
| 500 | _aBonus features: commentary with Gary Valentine & Elisa Donovan, doggy commentary, behind the scenes with Mario Lopez. | ||
| 650 | 0 |
_aPolice dogs _vDrama. _96478440 |
|
| 650 | 0 |
_aThieves _vDrama. _95716353 |
|
| 655 | 0 |
_aFeature films. _96200113 |
|
| 655 | 0 |
_aChristmas films. _95675361 |
|
| 655 | 0 |
_aMade-for-TV movies. _96200114 |
|
| 655 | 0 |
_aVideo recordings for the hearing impaired. _96200115 |
|
| 655 | 0 |
_aFiction films. _95674705 |
|
| 700 | 1 |
_aCain, Dean. _4act _967453 |
|
| 700 | 1 |
_aValentine, Gary. _4act _95874608 |
|
| 700 | 1 |
_aLopez, Mario, _d1973- _4act _936106 |
|
| 700 | 1 |
_aFeifer, Michael. _4pro _4drt _95876227 |
|
| 700 | 1 |
_aSchenck, Jeffrey. _4aus _95876229 |
|
| 700 | 1 |
_aCiminera, Michael. _4aus _96200116 |
|
| 700 | 1 |
_aGnolfo, Richard. _4aus _96200117 |
|
| 710 | 2 |
_aAnchor Bay Entertainment, Inc. _962410 |
|
| 710 | 2 |
_aBarnholtz Entertainment (Firm) _971246 |
|
| 710 | 2 |
_aAron Entertainment (Firm) _96200118 |
|
| 942 |
_cDVD _0262 |
||
| 994 |
_aC0 _bUINTA |
||
| 998 | _aa129456 | ||
| 999 |
_c65336 _d65336 |
||